Tampereen kaupunginosat kartalla - Statistics

Yleistilastot
  • Tätä visaa on pelattu 3 626 kertaa
  • Keskiarvotulos 44 / 112
Vastaukset kartalla
Vastauksille on annettu kartalla punavihreä väri sen mukaan, kuinka moni on saanut sen oikein.
 
Vastaustilastot
Kaupunginosan numero Suuralue Kaupunginosa % Oikein
Kaakkoinen Hervanta
90%
Keskusta Kaleva
82%
Läntinen Ala-Pispala
78%
Luoteinen Lielahti
78%
Läntinen Tesomajärvi
78%
Läntinen Ylä-Pispala
78%
Keskusta Pyynikki
77%
XV Keskusta Tammela A
75%
XVI Keskusta Tammela B
75%
XXII Eteläinen Hatanpää
72%
XIII Keskusta Ratina
71%
XXIV Eteläinen Nekala
69%
Kaakkoinen Kaukajärvi
67%
IX Keskusta Tampella
67%
IV Keskusta Amuri A
66%
V Keskusta Amuri B
66%
Eteläinen Härmälä
65%
Keskusta Kauppi
65%
Eteläinen Vuores
65%
Luoteinen Lentävänniemi
64%
Koillinen Linnainmaa
64%
VIII Keskusta Särkänniemi
63%
Keskusta Kissanmaa
59%
I Keskusta Finlayson
58%
Läntinen Epilä
55%
Eteläinen Koivistonkylä
55%
Koillinen Messukylä
55%
Läntinen Santalahti
55%
Kaakkoinen Turtola
55%
Koillinen Atala
53%
Keskusta Hakametsä
53%
XXIII Eteläinen Viinikka
53%
Läntinen Tahmela
52%
Läntinen Ikuri
51%
XI Keskusta Kyttälä A
48%
XII Keskusta Kyttälä B
48%
Kaakkoinen Hallila
46%
Eteläinen Multisilta
46%
XXI Keskusta Petsamo
46%
Kaakkoinen Hervantajärvi
45%
Läntinen Lamminpää
45%
Läntinen Tohloppi
44%
Koillinen Kämmenniemi
43%
Keskusta Lapinniemi
43%
Eteläinen Peltolammi
43%
Eteläinen Lahdesjärvi
42%
Läntinen Rahola
42%
Läntinen Kalkku
41%
Luoteinen Niemenranta
40%
Kaakkoinen Rusko
39%
Koillinen Takahuhti
39%
Kaakkoinen Lukonmäki
38%
Keskusta Järvensivu
37%
XVII Keskusta Tulli
37%
Koillinen Vehmainen
37%
Läntinen Hyhky
36%
Koillinen Leinola
35%
Eteläinen Rantaperkiö
35%
Eteläinen Muotiala
34%
Keskusta Lappi
33%
Koillinen Niihama
33%
VI Keskusta Kaakinmaa
32%
Koillinen Olkahinen
32%
Koillinen Pappila
32%
Eteläinen Lakalaiva
31%
X Keskusta Jussinkylä
30%
Läntinen Kaarila
30%
Luoteinen Pohtola
30%
II Keskusta Tammerkoski
30%
Läntinen Haukiluoma
29%
Luoteinen Niemi
29%
Koillinen Ristinarkku
29%
Koillinen Ruotula
29%
Keskusta Kalevanrinne
28%
III Keskusta Nalkala
28%
Koillinen Terälahti
28%
Läntinen Villilä
28%
Keskusta Kalevanharju
27%
Eteläinen Sarankulma
27%
Kaakkoinen Viiala
27%
Koillinen Aitoniemi
26%
Koillinen Holvasti
23%
Läntinen Myllypuro
23%
Luoteinen Ryydynpohja
23%
Koillinen Sorila
23%
Koillinen Tasanne
23%
Eteläinen Veisu
23%
VII Keskusta Pyynikinrinne
22%
Eteläinen Rautaharkko
21%
Eteläinen Nirva
20%
Koillinen Ojala
20%
XIV Keskusta Osmonmäki
20%
Läntinen Epilänharju
17%
Eteläinen Korkinmäki
17%
Koillinen Kumpula
16%
Koillinen Nurmi
16%
Koillinen Uusikylä
16%
Koillinen Velaatta
16%
XXV Eteläinen Vihioja
16%
Koillinen Aakkula
15%
Kaakkoinen Haihara
15%
Luoteinen Lintulampi
15%
Koillinen Huikas
14%
XX Keskusta Liisankallio
14%
Läntinen Ristimäki
14%
Eteläinen Taatala
14%
Keskusta Vuohenoja
14%
Koillinen Hankkio
13%
Koillinen Viitapohja
12%
XXVI Eteläinen Jokipohja
9%
Koillinen Polso
9%
Keskusta Kaupinlaakso
7%
Ehtoja vastaavia visoja ei löytynyt
Tulosjakauma
Jokaisen tuloksen saaneiden osuus
Persentiili vastausten määrän mukaan
Tuloshistoriasi
Et ole pelannut tätä visaa